| 000 -LEADER |
| fixed length control field |
00662nam a22002057a 4500 |
| 008 - FIXED-LENGTH DATA ELEMENTS--GENERAL INFORMATION |
| fixed length control field |
131030b xxu||||| |||| 00| 0 ger d |
| 020 ## - INTERNATIONAL STANDARD BOOK NUMBER |
| International Standard Book Number |
360889644 |
| 041 0# - LANGUAGE CODE |
| Language code of text/sound track or separate title |
ger |
| 080 ## - UNIVERSAL DECIMAL CLASSIFICATION NUMBER |
| Universal Decimal Classification number |
316.77 |
| 100 1# - Rafti |
| Rafti |
Wagner-Link, Angelika |
| 245 ## - TITLE STATEMENT |
| Title |
Kommunikation als verhaltenstraining : |
| Statement of responsibility, etc |
Angelika Wagner-Link |
| 260 ## - |
| -- |
München : |
| -- |
J. Pfeiffer Verlag ; |
| -- |
1998. |
| 300 ## - |
| -- |
272 f. : |
| -- |
me il. ; |
| -- |
21 cm. |
| 500 ## - |
| -- |
Vorwort : f. 9 |
| 505 ## - |
| -- |
Literatur : f.266-272 |
| 650 #0 - |
| -- |
Komunikimi |
| 650 #0 - |
| -- |
Komunikimi në menaxhim |
| 650 #0 - |
| -- |
Komunikimi në zhvillim ekonomik |
| 942 ## - ADDED ENTRY ELEMENTS (KOHA) |
| Source of classification or shelving scheme |
|
| Item type |
Books |